| 000 | 00374nam a22001577a 4500 | ||
|---|---|---|---|
| 005 | 20170916110710.0 | ||
| 008 | 170916b xxu||||| |||| 00| 0 eng d | ||
| 020 | _a81-7055-507-8 | ||
| 041 | _aeng | ||
| 082 | _a302.2 | ||
| 100 |
_aPATANJALI, DR. PREMCHAND _93924 |
||
| 245 | _aAADHUNIK VIGYAPAN | ||
| 260 |
_aNEW DELHI _bVANI PRAKASHAN |
||
| 300 | _a176p, | ||
| 942 | _cBK | ||
| 999 |
_c5567 _d5565 |
||